| 000 | 00450nam a2200169Ia 4500 | ||
|---|---|---|---|
| 008 | 230917s9999||||xx |||||||||||||| ||und|| | ||
| 020 | _cRS 2995.00 | ||
| 040 |
_e5013978 _aMAIN |
||
| 041 | _aEnglish | ||
| 082 | _a340.1 M765S | ||
| 100 | _aMontesquieu, Baron de | ||
| 245 | 0 | _aSpirit of the laws. 2V | |
| 260 |
_aNew Delhi _bSharda Prakashan _c2022 |
||
| 300 | _a440 p. | ||
| 500 | _a4900 23/12/2022 SHP23/6705 02/01/2023 Main Budget | ||
| 942 | _cBK | ||
| 999 |
_c7752 _d7752 |
||